Estatísticas para Onomatopeias

Clique aqui para jogar o quiz

Estatísticas Gerais

  • Esse quiz foi jogado 52 vezes
  • A pontuação média é 9 de 15

Estatísticas das Respostas

HintResposta% Correto
CãoAu Au
100%
GatoMiau
98%
EspirroAtchim
92%
RelógioTic-tac
92%
Gargalhadahahaha
84%
DormirZzzz
84%
GaloCocóricó
82%
PássaroPiu-piu
76%
LoboÁuuuuu
53%
Bater a portaToc-toc
51%
AbelhaBuzzz! bzzz!
35%
FrioBrrr
18%
TiroBang!
6%
ChuvaPing!
4%
TelefoneTrrrim-trrrim
0%

Distribuição das Pontuações

Percentil de Números Respondidos

Porcentagem de Pessoas com Cada Pontuação

Sua Pontuação Histórica

Você não jogou esse quiz